| 000 | 00633 a2200181 4500 | ||
|---|---|---|---|
| 020 | _a0750303808 | ||
| 020 | _a9780750303804 | ||
| 082 | 0 | 4 | _a003.85 |
| 090 |
_c818 _d818 |
||
| 100 | 1 | _aSolari, H.G. | |
| 245 | 1 | 0 |
_aNonlinear dynamics : _ba two-way trip from physics to math / _cH.G Solari, M.A Natiello, G.B Mindlin. |
| 260 |
_a[S.l.] : _bTaylor & Francis, _c2005 |
||
| 300 |
_a366 p. ; _c24 cm. |
||
| 700 | 1 | _aNatiello, M.A. | |
| 700 | 1 | _aMindlin, G.B. | |
| 942 |
_aSNS _cBK _k003.85 SOL |
||
| 999 |
_c29442 _d29442 |
||